Statistics for Czech Republic EUROs Starting XIs

Click here to take the quiz!

General Stats

  • This quiz has been taken 62 times
  • The average score is 35 of 77

Answer Stats

HintAnswer% Correct
2012GKPetr Cech
92%
2016GKPetr Cech
92%
2008GKPetr Cech
92%
2004GKPetr Cech
92%
2020STPatrik Schick
85%
2004LMPavel Nedved
83%
1996LMPavel Nedved
83%
2000AMPavel Nedved
83%
2012AMTomas Rosicky
81%
2004CMTomas Rosicky
81%
2000CMTomas Rosicky
81%
2016AMTomas Rosicky
81%
2012STMilan Baros
79%
2004STMilan Baros
79%
2000STJan Koller
77%
2004STJan Koller
77%
2008STJan Koller
77%
2020DMTomas Soucek
77%
2020RBVladimir Coufal
73%
2020GKTomas Vaclik
71%
2000STVladimir Smicer
67%
2000RMKarel Poborsky
60%
1996AMKarel Poborsky
60%
2004RMKarel Poborsky
60%
2004CBTomas Ujfalusi
58%
2008CBTomas Ujfalusi
58%
2020RMLukas Masopust
56%
2004LBMarek Jankulovski
54%
2008LBMarek Jankulovski
54%
2020AMVladimir Darida
54%
2016DMVladimir Darida
54%
2012DMJaroslav Plasil
48%
2008LWJaroslav Plasil
48%
2016DMJaroslav Plasil
48%
2004CMTomas Galasek
48%
2008CMTomas Galasek
48%
2004RBZdenek Grygera
44%
2008RBZdenek Grygera
44%
2020DMTomas Holes
40%
2020CBTomas Kalas
38%
2012LMVaclav Pilar
38%
1996AMPatrik Berger
37%
2004CBRene Bolf
37%
2020LMJakub Jankto
33%
2020LBJan Boril
31%
1996GKPetr Kouba
31%
2012CBMichal Kadlec
29%
1996CBMiroslav Kadlec
29%
2020CBOndrej Celustka
29%
2016RBPavel Kaderabek
29%
1996STPavel Kuka
29%
2012LBDavid Limbersky
27%
2016LBDavid Limbersky
27%
2016STTomas Necid
27%
1996CMJiri Nemec
25%
2000LMJiri Nemec
25%
2012RBTheodor Gebre Selassie
23%
2008CMJan Polak
21%
1996CBJan Suchoparek
19%
2000CBKarel Rada
19%
2000CMRadek Bejbl
19%
1996CMRadek Bejbl
19%
2016RMBorek Dockal
17%
2000CBPetr Gabriel
17%
2012RMPetr Jiracek
17%
1996RMRadoslav Latal
17%
2008CMMarek Matejovsky
15%
2008CBDavid Rozehnal
13%
1996CBMichal Hornak
13%
2000CBTomas Repka
13%
2016LMLadislav Krejci
12%
2000GKPavel Srnicek
10%
2016CBRoman Hubnik
10%
2008RWLibor Sionko
8%
2012DMTomas Hübschman
8%
2012CBTomas Sivok
8%
2016CBTomas Sivok
8%

Score Distribution

Percentile by Number Answered

Percent of People with Each Score

Your Score History

You have not taken this quiz